| 000 | 00384cam a2200169ua 4500 | ||
|---|---|---|---|
| 041 |
_amal _h |
||
| 082 |
_a894.812301 _bPOT/KA |
||
| 100 |
_aPottekkadu, S K . _95973 |
||
| 245 |
_aKanakambaram / _cS K Pottekkadu. _hTextual Documents |
||
| 260 |
_aThrissur : _bCurrent Books , _c1985. |
||
| 300 | _a94 ; . | ||
| 504 | _a | ||
| 942 | _cBK | ||
| 999 |
_c56 _d56 |
||
| 003 | @ | ||
| 003 | OSt | ||